The economic foundations of fascism
সংরক্ষণ করুন:
| প্রধান লেখক: | |
|---|---|
| বিন্যাস: | গ্রন্থ |
| ভাষা: | Undetermined |
| প্রকাশিত: |
London
MacMillan and Co., Ltd.
1933
|
| বিষয়গুলি: | |
| ট্যাগগুলো: |
ট্যাগ যুক্ত করুন
কোনো ট্যাগ নেই, প্রথমজন হিসাবে ট্যাগ করুন!
|
| Thư viện lưu trữ: | Trung tâm Học liệu Trường Đại học Cần Thơ |
|---|
| LEADER | 00493nam a2200181Ia 4500 | ||
|---|---|---|---|
| 001 | CTU_81784 | ||
| 008 | 210402s9999 xx 000 0 und d | ||
| 082 | |a 335.6 | ||
| 082 | |b E35 | ||
| 100 | |a Einzig, Paul | ||
| 245 | 4 | |a The economic foundations of fascism | |
| 245 | 0 | |c Paul Einzig | |
| 260 | |a London | ||
| 260 | |b MacMillan and Co., Ltd. | ||
| 260 | |c 1933 | ||
| 650 | |a Economic conditions,Fascism | ||
| 904 | |i Trọng Hải | ||
| 980 | |a Trung tâm Học liệu Trường Đại học Cần Thơ | ||